Mots: nourriture en C (FR --> EN) - Statistiques

Statistiques générales
  • Ce quiz a été pris 32 fois
  • Le résultat moyen est 17 sur 23
Statistiques - réponses
Hint Réponse % Correct
Chocolat Chocolate
100%
Crème Cream
100%
Café Coffee
96%
Crème glacée Ice cream
96%
Carotte Carrot
93%
Citron Lemon
89%
Cerise Cherry
86%
Champignon Mushroom
86%
Céréales Cereal
82%
Cannelle Cinnamon
82%
Chips Chips
79%
Citrouille Pumpkin
79%
Concombre Cucumber
75%
Confiture Jam
71%
Cacao Cocoa
68%
Crevette Shrimp
64%
Cornichon Pickle
57%
Céleri Celery
50%
Chou fleur Cauliflower
46%
Clémentine Clementine
46%
Chou Cabbage
43%
Compote de pomme Apple sauce
32%
Courge Squash
29%
Aucun quiz correspondant
Distribution des résultats
% des personnes avec chaque résultat
Percentile par nombre de réponses
Votre historique - résultats
Vous n’avez pas pris ce quiz